| 000 | 00616nac a22001811u 4500 | ||
|---|---|---|---|
| 008 | 100913t2001 ii |||||r|||| 001 0 eng d | ||
| 010 | _a74006134 | ||
| 020 | _a8122413048 | ||
| 082 | 0 | 0 |
_a624.171 _bRAZ _222 |
| 100 |
_aRaz, Sarwar Alam. _918909 |
||
| 245 | 1 | 0 |
_aAnalytical Methods in Structural Engineering / _cSarwar A. Raz |
| 260 |
_aNew Delhi : _bNew Age International , _c2001 |
||
| 300 |
_ax, 393 p. : _bill. ; _c24 cm. |
||
| 500 | _a"A Halsted Press book." | ||
| 650 | 0 |
_aStructural analysis (Engineering) _918910 |
|
| 650 | 0 |
_aStatically indeterminate structures. _918911 |
|
| 942 |
_cBB _k624.171RAZ _2ddc |
||
| 999 |
_c972 _d972 |
||